[Event "Hradec Kralove op 13th"]
[Site "Hradec Kralove"]
[Date "2023.11.07"]
[Round "4"]
[White "Wenke, Oldrich"]
[Black "Wieczorek, Lech"]
[Result "1-0"]
[WhiteElo "1984"]
[BlackElo "1650"]
[PlyCount "85"]
[EventDate "2023.11.04"]
[EventType "swiss"]
[EventRounds "9"]
[EventCountry "CZE"]
[SourceTitle "CB46_2023"]
[SourceDate "2023.11.15"]
[SourceVersion "1"]
[SourceVersionDate "2023.11.15"]
[SourceQuality "1"]

1. b3 c6 2. Bb2 d5 3. Nf3 Nf6 4. g3 Bg4 5. Bg2 e6 6. d3 Nbd7 7. Nbd2 Qb8 8. c4 Be7 9. 0-0 0-0 10. Rc1 Re8 11. Qc2 a5 12. a3 h6 13. Rfe1 Bf8 14. e4 dxe4 15. dxe4 e5 16. Nf1 Bc5 17. Ne3 Qd6 18. Rcd1 Qe7 19. Qc1 Rac8 20. h3 Bxf3 21. Bxf3 Red8 22. Nf5 Qf8 23. Kg2 b5 24. g4 Kh7 25. g5 Ng8 26. Bg4 h5 27. Bxh5 g6 28. Bg4 Rc7 29. Ne3 b4 30. a4 Qe7 31. h4 Nf8 32. Rxd8 Qxd8 33. Rd1 Qe7 34. Qd2 Rb7 35. Qd8 Ne6 36. Qxe7 Rxe7 37. Bxe6 Rxe6 38. Rd7 Ne7 39. Ng4 Bd4 40. Bxd4 exd4 41. Rxd4 c5 42. Rd7 Rxe4 43. Nf6+ 1-0

[Event "Mittelfrank Regionalliga Nord-Ost 2122"]
[Site "Mittelfranken"]
[Date "2022.04.03"]
[Round "7.4"]
[White "Wenke, Oldrich"]
[Black "Reichmann, Ulrich"]
[Result "1-0"]
[WhiteElo "2000"]
[BlackElo "1894"]
[PlyCount "39"]
[EventDate "2021.10.24"]
[EventType "team-tourn"]
[EventRounds "9"]
[EventCountry "GER"]
[SourceTitle "EXT 2024"]
[Source "ChessBase"]
[SourceDate "2023.10.10"]
[SourceVersion "1"]
[SourceVersionDate "2023.10.10"]
[SourceQuality "1"]
[WhiteTeam "Buechenbach/Roth"]
[BlackTeam "Heng Postbauer"]
[WhiteTeamCountry "GER"]
[BlackTeamCountry "GER"]

1. e4 c5 2. d4 cxd4 3. c3 d5 4. exd5 Nf6 5. Bb5+ Nbd7 6. Qxd4 g6 7. Nf3 Bg7 8. 0-0 0-0 9. d6 exd6 10. Qxd6 Ne4 11. Qd5 Nef6 12. Qd3 a6 13. Bxd7 Nxd7 14. Be3 Qc7 15. Nbd2 Nf6 16. Qc4 Qa5 17. Qc5 Qa4 18. Nc4 Nd7 19. Qc7 b5 20. b3 1-0

[Event "Mittelfrank Regionalliga Nord-Ost 2122"]
[Site "Mittelfranken"]
[Date "2021.10.24"]
[Round "1.3"]
[White "Wenke, Oldrich"]
[Black "Mueller, Christian7777"]
[Result "1/2-1/2"]
[WhiteElo "2000"]
[BlackElo "1930"]
[PlyCount "114"]
[EventDate "2021.10.24"]
[EventType "team-tourn"]
[EventRounds "9"]
[EventCountry "GER"]
[SourceTitle "EXT 2024"]
[Source "ChessBase"]
[SourceDate "2023.10.10"]
[SourceVersion "1"]
[SourceVersionDate "2023.10.10"]
[SourceQuality "1"]
[WhiteTeam "Buechenbach/Roth"]
[BlackTeam "Nuernberg Sued SW II"]
[WhiteTeamCountry "GER"]
[BlackTeamCountry "GER"]

1. e4 c5 2. d4 cxd4 3. c3 dxc3 4. Nxc3 Nc6 5. Nf3 e6 6. Bc4 Nge7 7. 0-0 Ng6 8. Qe2 Be7 9. Rd1 0-0 10. Be3 a6 11. Rac1 b5 12. Bd3 Bb7 13. Bb1 Bf6 14. Bc5 Re8 15. Bd6 Nce5 16. Nxe5 Bxe5 17. Bxe5 Nxe5 18. Qh5 Qf6 19. Ne2 Bc6 20. f4 Ng6 21. e5 Qe7 22. Rc3 Nf8 23. Nd4 Rac8 24. Bxh7+ Nxh7 25. Rh3 Be4 26. f5 Qg5 27. Qxh7+ Kf8 28. Rg3 Qh6 29. Qxh6 gxh6 30. f6 Rc5 31. Nf3 Bxf3 32. Rxf3 Rxe5 33. Rxd7 Rf5 34. Kf2 Kg8 35. Ra7 Rc8 36. Rxf5 Rc2+ 37. Kf3 exf5 38. Rxa6 Rxb2 39. h4 Rb4 40. g3 h5 41. Ra7 Re4 42. Rb7 Rb4 43. a3 Rb3+ 44. Kf4 Rxa3 45. Rxb5 Kh7 46. Rxf5 Kg6 47. Rg5+ Kxf6 48. Rxh5 Ra4+ 49. Kf3 Ra3+ 50. Kg4 Ra4+ 51. Kh3 Kg6 52. Rg5+ Kh6 53. Rf5 Kg6 54. Rf4 Rxf4 55. gxf4 f5 56. Kg2 Kh5 57. Kg3 Kg6 1/2-1/2

[Event "Hradec Kralove Region-chT 0506"]
[Site "Czech Republic"]
[Date "2006.03.19"]
[Round "10.2"]
[White "Jonas, Vlastimil"]
[Black "Wenke, Oldrich"]
[Result "1/2-1/2"]
[WhiteElo "2055"]
[BlackElo "2085"]
[PlyCount "41"]
[EventDate "2005.10.23"]
[EventType "team-tourn"]
[EventRounds "11"]
[EventCountry "CZE"]
[SourceTitle "EXT 2024"]
[Source "ChessBase"]
[SourceDate "2023.10.10"]
[SourceVersion "1"]
[SourceVersionDate "2023.10.10"]
[SourceQuality "1"]
[WhiteTeam "Rychnov nad Kneznou"]
[BlackTeam "Dvur Kralove nad Labem"]
[WhiteTeamCountry "CZE"]
[BlackTeamCountry "CZE"]

1. d4 Nf6 2. Bg5 g6 3. Bxf6 exf6 4. c4 Bg7 5. Nc3 0-0 6. e3 Re8 7. g3 d6 8. Bg2 Nd7 9. Nge2 f5 10. 0-0 Nf6 11. Qd3 Rb8 12. b4 h5 13. h4 Ng4 14. Nf4 Bf6 15. Rae1 Bd7 16. f3 Nh6 17. Ncd5 Bg7 18. Nh3 b5 19. Rf2 c6 20. Ndf4 a5 21. bxa5 1/2-1/2

[Event "Hradec Kralove Region-chT 0506"]
[Site "Czech Republic"]
[Date "2006.03.05"]
[Round "9.2"]
[White "Wenke, Oldrich"]
[Black "Humlicek, Vojtech"]
[Result "1-0"]
[WhiteElo "2085"]
[BlackElo "1956"]
[PlyCount "53"]
[EventDate "2005.10.23"]
[EventType "team-tourn"]
[EventRounds "11"]
[EventCountry "CZE"]
[SourceTitle "EXT 2024"]
[Source "ChessBase"]
[SourceDate "2023.10.10"]
[SourceVersion "1"]
[SourceVersionDate "2023.10.10"]
[SourceQuality "1"]
[WhiteTeam "Dvur Kralove nad Labem"]
[BlackTeam "Lipa II"]
[WhiteTeamCountry "CZE"]
[BlackTeamCountry "CZE"]

1. e4 c5 2. Nf3 d6 3. d4 cxd4 4. c3 dxc3 5. Nxc3 e6 6. Bc4 Be7 7. 0-0 Nf6 8. Qe2 a6 9. Rd1 Qc7 10. Bf4 Nc6 11. Rac1 0-0 12. Bd3 Qa5 13. Bb1 Rd8 14. h3 Ne5 15. Nd4 Ng6 16. Be3 Qh5 17. Qe1 d5 18. Nb3 b5 19. Bb6 Rd7 20. exd5 exd5 21. Bc5 Bxc5 22. Nxc5 Re7 23. Qd2 Be6 24. Re1 Nh4 25. Qf4 Rae8 26. Re5 Nxg2 27. Qg3 1-0

[Event "Hradec Kralove Region-chT 0506"]
[Site "Czech Republic"]
[Date "2005.12.11"]
[Round "4.2"]
[White "Wenke, Oldrich"]
[Black "Jiruse, Josef"]
[Result "0-1"]
[WhiteElo "2085"]
[BlackElo "2127"]
[PlyCount "170"]
[EventDate "2005.10.23"]
[EventType "team-tourn"]
[EventRounds "11"]
[EventCountry "CZE"]
[SourceTitle "EXT 2024"]
[Source "ChessBase"]
[SourceDate "2023.10.10"]
[SourceVersion "1"]
[SourceVersionDate "2023.10.10"]
[SourceQuality "1"]
[WhiteTeam "Dvur Kralove nad Labem"]
[BlackTeam "Hradec Kralove Slavia III"]
[WhiteTeamCountry "CZE"]
[BlackTeamCountry "CZE"]

1. e4 g6 2. d4 Bg7 3. Nf3 c6 4. Bd3 d5 5. e5 Bg4 6. h3 Bxf3 7. Qxf3 e6 8. 0-0 c5 9. c3 Nc6 10. Bb5 Rc8 11. Be3 Qb6 12. Qe2 c4 13. Na3 Bf8 14. Rab1 Qa5 15. Qf3 a6 16. Bxc6+ Rxc6 17. Bc1 Rb6 18. Be3 Bxa3 19. bxa3 Rxb1 20. Rxb1 b5 21. Bc1 Qa4 22. Qe2 Ne7 23. Rb4 Qa5 24. Qc2 Kd7 25. a4 Rb8 26. axb5 axb5 27. a4 Nc6 28. Rxb5 Rxb5 29. axb5 Qxb5 30. Bg5 Qb3 31. Qd2 h5 32. g4 hxg4 33. hxg4 Qb1+ 34. Kg2 Qb7 35. Qf4 Kc8 36. Bh6 Qe7 37. Bg7 Na7 38. Bf6 Qd7 39. Qh6 Qe8 40. Qc1 Qa4 41. Be7 Nc6 42. Bc5 Na5 43. Qf4 Qd7 44. Qf6 Nb3 45. Be7 Qe8 46. Kg3 Kb7 47. Bb4 Kc6 48. Kh4 Nd2 49. f3 Kd7 50. Kg5 Qd8 51. Qxd8+ Kxd8 52. Kf6 Ke8 53. f4 Ne4+ 54. Kg7 Nf2 55. Kf6 Nxg4+ 56. Kg5 Ne3 57. Kf6 Ng2 58. Kg5 Kd7 59. Ba3 Ke8 60. Bb4 Ne3 61. Kf6 Nd1 62. Ba5 Nf2 63. Kg5 Ne4+ 64. Kh6 Nf2 65. Kg5 Nd3 66. Bc7 Kd7 67. Bd6 Kc6 68. Bf8 Kd7 69. Ba3 Ke8 70. Bd6 Nf2 71. Bb4 Nd1 72. Kf6 Nb2 73. Kg5 Na4 74. Kf6 Nb6 75. Kg5 Nd7 76. Bd6 Kd8 77. Kh6 Nb6 78. Kg5 Kd7 79. Kf6 Na4 80. Bb4 Nb2 81. Kg5 Kc6 82. Kf6 Nd3 83. Bf8 Nxf4 84. Bh6 Ne2 85. Kxf7 Kd7 0-1

[Event "Hradec Kralove Region-chT 0506"]
[Site "Czech Republic"]
[Date "2005.11.27"]
[Round "3.1"]
[White "Wenke, Oldrich"]
[Black "Jirasek, Pavel"]
[Result "1/2-1/2"]
[WhiteElo "2085"]
[BlackElo "2169"]
[PlyCount "122"]
[EventDate "2005.10.23"]
[EventType "team-tourn"]
[EventRounds "11"]
[EventCountry "CZE"]
[SourceTitle "EXT 2024"]
[Source "ChessBase"]
[SourceDate "2023.10.10"]
[SourceVersion "1"]
[SourceVersionDate "2023.10.10"]
[SourceQuality "1"]
[WhiteTeam "Dvur Kralove nad Labem"]
[BlackTeam "Lipa"]
[WhiteTeamCountry "CZE"]
[BlackTeamCountry "CZE"]

1. e4 c5 2. Nf3 Nc6 3. d4 cxd4 4. c3 d5 5. exd5 Qxd5 6. cxd4 Bg4 7. Nc3 Bxf3 8. Nxd5 Bxd1 9. Nc7+ Kd7 10. Nxa8 Bh5 11. d5 Nd4 12. Bd3 e5 13. dxe6+ fxe6 14. Bf4 Bb4+ 15. Kf1 Bd6 16. Be3 Nc6 17. Be2 Bg6 18. Rd1 Nf6 19. Bc5 Nd5 20. Bxd6 Kxd6 21. h4 Rxa8 22. h5 Be8 23. Rh3 Rc8 24. Rg3 g6 25. Rf3 Ke7 26. Bc4 Nb6 27. Be2 Ne5 28. Re3 Nec4 29. Rc3 Rc6 30. Bf3 Nxb2 31. Rdc1 Rxc3 32. Rxc3 Bb5+ 33. Kg1 N2c4 34. Bxb7 Nd5 35. Rb3 Nd6 36. Ba8 gxh5 37. Rh3 Nf4 38. Re3 Kf6 39. Bf3 h4 40. Rc3 Bc4 41. Ra3 a6 42. Bd1 e5 43. Bb3 Bb5 44. Bd1 Kf5 45. Bc2+ Ke6 46. Bxh7 Kd5 47. Re3 Bc4 48. Bg8+ Ne6 49. Rf3 e4 50. Rf4 Ke5 51. Rxh4 Bxa2 52. Rh5+ Kf6 53. Rh6+ Ke7 54. Rh7+ Kf8 55. Ra7 Bc4 56. Bxe6 Bxe6 57. Rxa6 Ke7 58. Kh2 Bc4 59. Rb6 Ke6 60. g4 Ke5 61. Kg3 Be2 1/2-1/2

[Event "Nachod op 7th"]
[Site "Nachod"]
[Date "2001.??.??"]
[Round "4"]
[White "Hradecky, Ivo"]
[Black "Wenke, Oldrich"]
[Result "0-1"]
[WhiteElo "1890"]
[BlackElo "2025"]
[PlyCount "54"]
[EventDate "2001.??.??"]
[EventType "swiss"]
[EventRounds "9"]
[EventCountry "CZE"]
[SourceTitle "EXT 2007"]
[Source "ChessBase"]
[SourceDate "2006.11.23"]
[SourceVersion "1"]
[SourceVersionDate "2006.11.23"]
[SourceQuality "1"]

1. Nf3 Nf6 2. d4 e6 3. Bg5 Be7 4. e3 b6 5. Nbd2 Bb7 6. c3 0-0 7. Bd3 d5 8. Ne5 Nbd7 9. f4 c5 10. 0-0 Nxe5 11. fxe5 Nd7 12. Bxe7 Qxe7 13. Qh5 h6 14. Rf3 Qg5 15. Qh3 Kh8 16. Raf1 Qe7 17. Rf6 Nxf6 18. Rxf6 Kg8 19. Qg4 Kh8 20. Qh4 Kg8 21. g4 Rfe8 22. g5 gxf6 23. Bh7+ Kxh7 24. Qxh6+ Kg8 25. gxf6 Qf8 26. Qg5+ Kh7 27. Nf3 Qg8 0-1

[Event "Nachodsko-ch"]
[Site "Nachod"]
[Date "2001.??.??"]
[Round "1"]
[White "Moller, Kamil"]
[Black "Wenke, Oldrich"]
[Result "0-1"]
[WhiteElo "1875"]
[BlackElo "1935"]
[PlyCount "88"]
[EventDate "2001.??.??"]
[EventType "tourn"]
[EventRounds "13"]
[EventCountry "CZE"]
[SourceTitle "EXT 2007"]
[Source "ChessBase"]
[SourceDate "2006.11.23"]
[SourceVersion "1"]
[SourceVersionDate "2006.11.23"]
[SourceQuality "1"]

1. Nf3 Nf6 2. g3 c5 3. c4 Nc6 4. Nc3 d6 5. Bg2 e5 6. d3 Be7 7. 0-0 0-0 8. a3 Bd7 9. Rb1 Rb8 10. Bg5 Nd4 11. Bxf6 Bxf6 12. Nxd4 exd4 13. Nd5 b5 14. b3 g6 15. cxb5 Bxb5 16. b4 Bg7 17. a4 Bd7 18. b5 Re8 19. Qd2 Re5 20. f4 Re8 21. h3 Be6 22. Kh2 Qd7 23. Rb3 f5 24. Rfb1 Qf7 25. e4 dxe3 26. Nxe3 Bxb3 27. Bc6 Re7 28. Rxb3 Rxe3 29. Qxe3 Qxb3 30. Qe7 Qc2+ 31. Bg2 Qxa4 32. b6 axb6 33. Qxd6 Qe8 34. h4 Qd8 35. Qe6+ Kh8 36. Bd5 Bd4 37. h5 Qf6 38. Qe2 Qd6 39. Bf7 Rf8 40. hxg6 hxg6 41. Bc4 Kg7 42. Kg2 Qc6+ 43. Qf3 Qxf3+ 44. Kxf3 Rb8 0-1

[Event "Nachod op 7th"]
[Site "Nachod"]
[Date "2001.??.??"]
[Round "9"]
[White "Wenke, Oldrich"]
[Black "Gogela, Jan"]
[Result "0-1"]
[WhiteElo "2025"]
[BlackElo "1880"]
[PlyCount "98"]
[EventDate "2001.??.??"]
[EventType "swiss"]
[EventRounds "9"]
[EventCountry "CZE"]
[SourceTitle "EXT 2007"]
[Source "ChessBase"]
[SourceDate "2006.11.23"]
[SourceVersion "1"]
[SourceVersionDate "2006.11.23"]
[SourceQuality "1"]

1. e4 d5 2. exd5 Nf6 3. Bb5+ c6 4. dxc6 bxc6 5. Be2 e5 6. Nc3 Bc5 7. d3 Qb6 8. Na4 Bxf2+ 9. Kf1 Qa5 10. Kxf2 Qxa4 11. c3 Qa5 12. Be3 0-0 13. Bf3 Bf5 14. g4 Bg6 15. g5 Nd5 16. Qe2 f5 17. gxf6 Nxf6 18. Kg2 e4 19. dxe4 Nbd7 20. Qc4+ Kh8 21. Qxc6 Rac8 22. Qd6 Qb5 23. Qd2 Nxe4 24. Qe2 Qb7 25. Bd4 Rce8 26. Re1 Qb8 27. Qd1 Qxb2+ 28. Re2 Qb7 29. h4 Bf5 30. Nh3 Bg4 31. Re3 Qb2+ 32. Kg1 Bxh3 33. Rxe4 Rxe4 34. Rxh3 Re7 35. Rg3 Nb6 36. Bc5 Qxc3 37. Bxe7 Qe3+ 38. Kg2 Qxe7 39. Qd4 Rc8 40. h5 Rc2+ 41. Kh3 Rc4 42. Rxg7 Qe6+ 43. Qg4 Rxg4 44. Rxg4 Qxa2 45. Kh4 Qf2+ 46. Rg3 a5 47. h6 a4 48. Be4 a3 49. Kh3 Qxg3+ 0-1

[Event "Nachod op 7th"]
[Site "Nachod"]
[Date "2001.??.??"]
[Round "3"]
[White "Wenke, Oldrich"]
[Black "Horak, Jiri"]
[Result "0-1"]
[WhiteElo "2025"]
[BlackElo "2200"]
[PlyCount "66"]
[EventDate "2001.??.??"]
[EventType "swiss"]
[EventRounds "9"]
[EventCountry "CZE"]
[SourceTitle "EXT 2007"]
[Source "ChessBase"]
[SourceDate "2006.11.23"]
[SourceVersion "1"]
[SourceVersionDate "2006.11.23"]
[SourceQuality "1"]

1. e4 e5 2. Nf3 Nc6 3. Bc4 Nf6 4. Ng5 Bc5 5. d4 d5 6. exd5 Nxd4 7. c3 Nf5 8. 0-0 0-0 9. Nd2 Nd6 10. Bd3 h6 11. Nge4 Nfxe4 12. Nxe4 Nxe4 13. Bxe4 f5 14. Bc2 Qh4 15. Qe2 Bd6 16. Re1 f4 17. Be4 Bg4 18. Bf3 Bf5 19. Be4 Rae8 20. g3 Qf6 21. Bxf5 Qxf5 22. Qe4 Qh3 23. Qg2 Qh5 24. Bd2 f3 25. Qf1 e4 26. c4 Rf5 27. Rad1 Qg4 28. Be3 Rh5 29. c5 Rh3 30. Kh1 Re5 31. cxd6 Reh5 32. Qg1 Rxh2+ 33. Qxh2 Rxh2+ 0-1

[Event "Nachod op 7th"]
[Site "Nachod"]
[Date "2001.??.??"]
[Round "7"]
[White "Wenke, Oldrich"]
[Black "Nisztuk, Michal"]
[Result "1-0"]
[WhiteElo "2025"]
[BlackElo "2065"]
[PlyCount "63"]
[EventDate "2001.??.??"]
[EventType "swiss"]
[EventRounds "9"]
[EventCountry "CZE"]
[SourceTitle "EXT 2007"]
[Source "ChessBase"]
[SourceDate "2006.11.23"]
[SourceVersion "1"]
[SourceVersionDate "2006.11.23"]
[SourceQuality "1"]

1. e4 e5 2. Nf3 Nc6 3. Bc4 Nf6 4. Ng5 d5 5. exd5 b5 6. Bxb5 Qxd5 7. Nc3 Qxg2 8. Qf3 Qxf3 9. Nxf3 Bd7 10. 0-0 Bd6 11. Re1 0-0-0 12. Bxc6 Bxc6 13. Nxe5 Be8 14. d4 Ng4 15. Nxg4 h5 16. Ne3 Bd7 17. Ned5 c6 18. Bf4 Bf8 19. Ne3 Bh3 20. Rad1 g5 21. Be5 Rh6 22. Ne4 Be7 23. d5 f5 24. Nc3 f4 25. Nc4 Bg4 26. Rd2 c5 27. Bg7 Rh7 28. Rxe7 Rd7 29. Rxd7 Kxd7 30. Bf6 Bh3 31. Ne5+ Ke8 32. Ne4 1-0

[Event "Nachod op 6th"]
[Site "Nachod"]
[Date "2000.??.??"]
[Round "7"]
[White "Hamrnik, Jan"]
[Black "Wenke, Oldrich"]
[Result "1/2-1/2"]
[WhiteElo "1720"]
[BlackElo "1910"]
[PlyCount "82"]
[EventDate "2000.??.??"]
[EventType "swiss"]
[EventRounds "9"]
[EventCountry "CZE"]
[SourceTitle "EXT 2003"]
[Source "ChessBase"]
[SourceDate "2002.11.25"]
[SourceVersion "1"]
[SourceVersionDate "2002.11.25"]
[SourceQuality "1"]

1. Nf3 Nf6 2. c4 e6 3. b3 b6 4. Bb2 Bb7 5. g3 Be7 6. Bg2 c5 7. 0-0 Nc6 8. e3 d5 9. cxd5 exd5 10. d4 0-0 11. Nc3 Ne4 12. dxc5 Nxc3 13. Bxc3 bxc5 14. Ne5 Nxe5 15. Bxe5 Qd7 16. Qd2 Rfd8 17. Bb2 Rac8 18. Rfd1 Qe6 19. Qe1 Bf6 20. Bxf6 Qxf6 21. Rac1 Qb6 22. Qe2 d4 23. Bxb7 Qxb7 24. Rd2 Re8 25. Rcd1 Qe7 26. Rd3 Rc6 27. Qf3 Rf6 28. Qe2 Qe4 29. Qd2 dxe3 30. Rxe3 Qc6 31. Rxe8+ Qxe8 32. Qa5 Rb6 33. Qxc5 g6 34. Qd5 Qe2 35. Qd8+ Kg7 36. Qd4+ Rf6 37. Rd2 Qe1+ 38. Kg2 Qe7 39. Qd3 Qb7+ 40. Kg1 Qc6 41. Qd4 a6 1/2-1/2

[Event "Nachod op 6th"]
[Site "Nachod"]
[Date "2000.??.??"]
[Round "5"]
[White "Wenke, Oldrich"]
[Black "Jirasek, Pavel"]
[Result "0-1"]
[WhiteElo "1910"]
[BlackElo "1665"]
[PlyCount "142"]
[EventDate "2000.??.??"]
[EventType "swiss"]
[EventRounds "9"]
[EventCountry "CZE"]
[SourceTitle "EXT 2003"]
[Source "ChessBase"]
[SourceDate "2002.11.25"]
[SourceVersion "1"]
[SourceVersionDate "2002.11.25"]
[SourceQuality "1"]

1. e4 c5 2. Nf3 d6 3. d4 Nf6 4. Nc3 cxd4 5. Nxd4 g6 6. Bc4 Bg7 7. Be3 0-0 8. f3 Nc6 9. Qd2 Bd7 10. h4 Nxd4 11. Bxd4 Qc7 12. Bb3 b5 13. g4 a5 14. a4 bxa4 15. Nxa4 Rfb8 16. h5 Rb4 17. hxg6 hxg6 18. Bxf6 Bxf6 19. Qh6 e6 20. Qf4 Be5 21. Qg5 Bg3+ 22. Kd1 Rd4+ 23. Ke2 Bxa4 24. Qf6 Bb5+ 25. Ke3 Rxe4+ 26. fxe4 Qc5+ 27. Kd2 Qf2+ 28. Qxf2 Bxf2 29. Rh3 a4 30. c3 g5 31. Rf3 Bh4 32. Bc2 Bc6 33. Raf1 Be8 34. c4 Rc8 35. Kd3 Rc5 36. Kd4 Kf8 37. Ra1 Bb5 38. b3 axb3 39. Bxb3 Be8 40. Ra8 Ke7 41. Ra7+ Kf8 42. Ba4 Bxa4 43. Rfxf7+ Kg8 44. Rfb7 Bf2+ 45. Kd3 Be8 46. Ra8 Kf8 47. Rbb8 Bg3 48. Rxe8+ Kf7 49. Red8 Kf6 50. Rdc8 Rxc8 51. Rxc8 Ke5 52. Rf8 Be1 53. Ke3 Bg3 54. Rf7 Be1 55. Rb7 Bc3 56. Rb5+ Kf6 57. Kd3 Be5 58. Kc2 Bd4 59. Kb3 Bc5 60. Kc3 Ke5 61. Kd3 Kf4 62. Ra5 e5 63. Ra2 Kxg4 64. Rg2+ Kf4 65. Ke2 g4 66. Rh2 Kxe4 67. Rg2 Kf4 68. Kf1 Kf3 69. Ra2 g3 70. Rc2 e4 71. Ra2 Bf2 0-1